| 000 | 01399cam a22003371i 4500 | ||
|---|---|---|---|
| 003 | SA-RiAUC | ||
| 005 | 20250118152420.0 | ||
| 008 | 250115s1993 le g b 00100 ara c | ||
| 040 |
_aSA-RiAUC _bara _cSA-RiAUC _erda |
||
| 043 | _af-ua--- | ||
| 050 | 0 | 4 | _bI2644. 1993 |
| 082 | 0 | 4 |
_a910.4 _qSA-RiAUC |
| 090 |
_a910.4 _b ا ب ن ا |
||
| 100 | 1 |
_aابن أبي الربيع، محمد بن عبد الرحيم بن سليمان، _d473-565 هجري _eمؤلف. |
|
| 245 | 1 | 0 |
_aتحفة الألباب ونخبة الإعجاب / _cتصنيف أبي حامد عبد الرحيم بن سليمان بن ربيع القيسي الأندلسي الغرناطي ؛ تحقيق إسماعيل العربي. |
| 250 | _aالطبعة الثانية. | ||
| 264 | 1 |
_aبيروت : _bدار الجيل، _c1993 |
|
| 300 |
_a222 صفحة ؛ _c24 سم |
||
| 336 |
_aنص _btxt _2rdacontent _3كتاب |
||
| 337 |
_aبدون وسيط _bn _2rdamedia |
||
| 338 |
_aمجلد _bnc _2rdacarrier |
||
| 500 | _aكشافات : صفحة 187-219. | ||
| 504 | _aيشتمل على إرجاعات ببليوجرافية. | ||
| 590 | _aأسماء. | ||
| 650 | 7 |
_aالرحلات _2aucsh |
|
| 651 | 7 |
_aمصر _xوصف ورحلات _2aucsh |
|
| 700 | 1 |
_aالعربي، إسماعيل، _d1919-2000 _eمحقق. |
|
| 942 |
_2ddc _cBOOK _n0 |
||
| 949 |
_aSA-JeALM _d250115 _umohamedma123 _n1 |
||
| 999 |
_c4959 _d4959 |
||